Vital in corrosion science / (Record no. 40630)

MARC details
000 -LEADER
fixed length control field 00755nam a22002057a 4500
005 - DATE AND TIME OF LATEST TRANSACTION
control field 20100810124343.0
010 ## - LCCN (DPL NO)
LC control number ENG-99209
020 ## - INTERNATIONAL STANDARD BOOK NUMBER
International Standard Book Number 9788190804493
Terms of availability 135.00
035 ## - SYSTEM CONTROL NUMBER
System control number EN-82741
037 ## - SOURCE OF ACQUISITION
Source of stock number/acquisition DBAD/PUB
082 ## - DEWEY DECIMAL CLASSIFICATION NUMBER
Classification number 620.11223
100 ## - MAIN ENTRY--PERSONAL NAME
Personal name Rajakumar, P.
245 ## - TITLE STATEMENT
Title Vital in corrosion science /
Statement of responsibility, etc by Rajakumar, P.
260 ## - PUBLICATION, DISTRIBUTION, ETC. (IMPRINT)
Place of publication, distribution, etc Cuddalore
Name of publisher, distributor, etc Raghavan Pathippagam
Date of publication, distribution, etc (200?)
270 ## - ADDRESS
Address Periyanvadavadi, Vijayamanagaram (po) , Vridhachalam (Tk)
City Cuddalore
Postal code 606104
300 1# - PHYSICAL DESCRIPTION
Extent 120p.
Other physical details ill.
Dimensions 20cm (pbk)
650 ## - SUBJECT ADDED ENTRY--TOPICAL TERM
Topical term or geographic name as entry element Corrosion
942 ## - ADDED ENTRY ELEMENTS (KOHA)
Source of classification or shelving scheme Dewey Decimal Classification
Item type English Books
Classification part 620.11223
Call number suffix RAJ
Holdings
Withdrawn status Lost status Not for loan Collection code Home library Current library Date acquired Source of acquisition Cost, normal purchase price Full call number Barcode Copy number Cost, replacement price Koha item type
    Not For Loan Non-fiction D.B.Act.Division D.B.Act.Division 10/08/2010 DBAD/PUB 135.00 620.11223 RAJ EN-82741 1 135.00 English Books

© Delhi Public Library
Hit Counter
free hit counter